guess the random adele song #1 - Statistics

General Stats
  • This quiz has been taken 219 times
  • The average score is 126 of 289
Answer Stats
Answer % Correct
i
97%
a
88%
the
76%
me
71%
to
68%
my
64%
when
64%
do
59%
be
57%
it
57%
and
56%
is
56%
in
53%
where
50%
all
49%
was
49%
like
48%
who
48%
have
46%
that
45%
can
44%
this
40%
i'm
38%
know
37%
don't
36%
not
35%
it's
34%
of
34%
one
34%
they
34%
up
34%
feel
33%
young
33%
but
32%
could
32%
heart
32%
can't
31%
just
31%
let
31%
only
31%
see
31%
look
29%
never
29%
by
27%
sky
26%
down
25%
life
25%
cry
24%
say
24%
wanted
24%
wish
23%
would
23%
ago
22%
fun
22%
million
22%
way
22%
years
22%
always
21%
done
21%
eye
21%
live
21%
miss
21%
think
21%
deep
20%
little
20%
or
20%
run
20%
things
20%
more
19%
i'd
18%
light
18%
now
18%
sometimes
18%
thought
18%
try
18%
watch
18%
day
17%
friends
17%
learning
17%
mother
17%
walk
17%
fly
16%
floor
15%
they're
15%
air
14%
found
14%
must
14%
regrets
14%
scared
14%
soul
14%
stand
14%
they've
14%
known
13%
party
13%
these
12%
thrown
12%
bare
11%
flashing
11%
memory
11%
they'd
11%
around
10%
grew
10%
reflection
10%
became
9%
decide
9%
feet
9%
pay
9%
recognize
9%
streets
9%
inevitable
8%
joke
8%
earn
7%
stripes
7%
No matching quizzes found
Score Distribution
Percent of People with Each Score
Percentile by Number Answered
Your Score History
You have not taken this quiz